Formula 1 drivers in order of most podiums - Statistics

General Stats
  • This quiz has been taken 40 times
  • The average score is 17 of 20
Answer Stats
Active years No. of
Podiums
Percentage
of podium
finishes
Driver Nationality % Correct
2001, 2003-18,2021-present 100 27.63% Fernando Alonso Spain
100%
2007-present 191 61.61% Lewis Hamilton United Kingdom
100%
2015-present 79 47.46% Max Verstappen Netherlands
100%
1991-2006,2010-12 155 50.49% Micheal Schumacher Germany
100%
2001-09, 2012- 21 103 29.43% Kimi Raikkonen Finland
97%
2007-2022 122 40.80% Sebastian Vettel Germany
97%
1984-94 80 49.69% Ayrton Senna Brazil
94%
2013-present 67 33.50% Valtteri Bottas Finland
94%
1980-91, 1993 106 53.27% Alain Prost France
92%
2000-17 50 16.34% Jenson Button United Kingdom
92%
1991-2001 51 31.86% Mika Hakkinen Finland
86%
2006-16 57 27.67% Nico Rosberg Germany
83%
1971-79, 1982-85 54 31.58% Niki Lauda Austria
83%
1993-2011 68 21.05% Rubens Barrichello Brazil
78%
1980-92, 1994-95 59 31.55% Nigel Mansell United Kingdom
72%
1978-91 60 29.41% Nelson Piquet Brazil
69%
1965-73 43 43.43% Jackie Stewart United Kingdom
67%
1994-2008 62 25.20% David Coulthard United Kingdom
64%
1984-97 48 22.86% Gerhard Berger Austria
61%
1972-82 45 30.82% Carlos Reutemann Argentina
53%
No matching quizzes found
Score Distribution
Percent of People with Each Score
Percentile by Number Answered
Your Score History
You have not taken this quiz